Francia Euro 2016 Squad - Statistics

General Stats
  • This quiz has been taken 25 times
  • The average score is 15 of 23
Answer Stats
Number Team Position Answer % Correct
1 Tottenham GK Hugo Lloris
100%
7 Atlético RM Antoine Griezmann
91%
5 Leicester City CM Ngolo Kante
91%
9 Arsenal ST Olivier Giroud
91%
14 PSG CM Blaise Matuidi
82%
8 West Ham CAM Dimitri Payet
82%
15 Juventus CM Paul Pogba
82%
11 Manchester United ST Anthony Martial
77%
16 Olympique Marsella GK Steven Mandanda
77%
3 Juventus LB Patrice Evra
73%
21 Arsenal CB Laurent Koscielny
68%
10 Tigre ST Andre Gignac
64%
19 Manchester City RB Bacary Sagna
59%
4 Sevilla CB Adil Rami
55%
20 Bayern Munich LM Kingsley Coman
55%
13 Manchester City CB Eliaquim Mangala
50%
17 Roma LB Lucas Digne
50%
22 Olympique Lyon CB Samuel Umtiti
50%
23 Rennes GK Benoit Costil
41%
6 Crystal Palace CM Yohan Cabaye
41%
2 Olympique Lyon RB Christopher Jallet
36%
12 Manchester United CM Morgan Schneiderlin
36%
18 Newcastle CM Moussa Sissoko
36%
No matching quizzes found
Score Distribution
Percent of People with Each Score
Percentile by Number Answered
Your Score History
You have not taken this quiz